La pratique du Crédit Bancaire en Suisse.

Guardat en:
Dades bibliogràfiques
Autor principal: Schaer, Willy (auteur)
Format: Llibre
Idioma:espanyol
Publicat: Neuchâtel, Suisse: La Baconnière, 1977.
Matèries:
Etiquetes: Afegir etiqueta
Sense etiquetes, Sigues el primer a etiquetar aquest registre!

MARC

LEADER 00000nam a22000007a 4500
003 CL-VaPUC
005 20241204104047.0
008 241129b1977 ||||| |||| 00| 0 spa d
999 |c 445996  |d 445994 
020 |a 2-8252-0704-7 
040 |c Pontificia Universidad Católica de Valparaíso 
082 |2 22  |a 346.494073 SCH 1977 
100 |9 894292  |a Schaer, Willy  |e auteur 
245 |a La pratique du Crédit Bancaire en Suisse. 
260 |a Neuchâtel, Suisse:  |b La Baconnière,  |c 1977. 
300 |a XIV, 145 páginas. 
500 |a c.1: Donación. Memo DER N° 046. 28-12-2024. 
583 |c 20241129  |k Yessy Sthefany Diaz Vidal 
650 0 |9 375954  |a Crédito bancario  |x Préstamos, riesgos, etc.  |z Suiza 
650 0 |9 254963  |a Bancos  |x Economía y finanzas  |y Siglo 20  |z Suiza 
942 |2 ddc  |c BK 
952 |0 0  |1 0  |2 ddc  |4 0  |6 346_494073000000000_SCH_1977  |7 0  |8 A  |9 598343  |a BIBDER  |b BIBDER  |d 2024-11-29  |e Donación  |i 5663443  |o 346.494073 SCH 1977  |p 5663443  |r 2024-11-29  |t 1  |w 2024-11-29  |y BK  |k DER